000 00797nam a2200265 i 4500
001 15889
003 ES-MaACL
005 20250809233451.0
007 t|
008 000516s1999 sp ||||0| spa j
020 _a84-89832-59-5
040 _aM-BN
_bspa
_cM-BN
080 _a916.4"18"
100 1 _aLoti, Pierre.
_974298
245 1 0 _aViaje a Marruecos /
_cPierre Loti ; [traducción y notas, Vicente Díez Tejada].
260 _aBarcelona :
_bAbraxas,
_c[1999]
300 _a218 p. ;
_c24 cm.
490 1 _aColección Milenio
651 4 _aMarruecos-
_xDescripción-
_yS.XIX.
_99026
700 1 _aDíez de Tejada, Vicente,
_d1872-1940
_944715
830 0 _aColección Milenio
_9228616
852 _aES-MaACL
_jL-22851
_bR.128357
999 _c15889
_d15889